<?xml version="1.0" encoding="UTF-8"?><?xml-stylesheet type="text/xsl" href="static/style.xsl"?><OAI-PMH xmlns="http://www.openarchives.org/OAI/2.0/" xmlns:xsi="http://www.w3.org/2001/XMLSchema-instance" xsi:schemaLocation="http://www.openarchives.org/OAI/2.0/ http://www.openarchives.org/OAI/2.0/OAI-PMH.xsd"><responseDate>2026-06-04T20:40:11Z</responseDate><request verb="GetRecord" identifier="oai:riuma.uma.es:10630/46714" metadataPrefix="marc">https://riuma.uma.es/rest/oai/request</request><GetRecord><record><header><identifier>oai:riuma.uma.es:10630/46714</identifier><datestamp>2026-05-29T12:02:45Z</datestamp><setSpec>com_10630_2254</setSpec><setSpec>col_10630_37959</setSpec></header><metadata><record xmlns="http://www.loc.gov/MARC21/slim" xmlns:dcterms="http://purl.org/dc/terms/" xmlns:doc="http://www.lyncode.com/xoai" xmlns:xsi="http://www.w3.org/2001/XMLSchema-instance" xsi:schemaLocation="http://www.loc.gov/MARC21/slim http://www.loc.gov/standards/marcxml/schema/MARC21slim.xsd">
   <leader>00925njm 22002777a 4500</leader>
   <datafield ind2=" " ind1=" " tag="042">
      <subfield code="a">dc</subfield>
   </datafield>
   <datafield ind2=" " ind1=" " tag="720">
      <subfield code="a">García Gutiérrez, Victoria</subfield>
      <subfield code="e">author</subfield>
   </datafield>
   <datafield ind2=" " ind1=" " tag="720">
      <subfield code="a">De la Torre Martínez, Beatriz</subfield>
      <subfield code="e">author</subfield>
   </datafield>
   <datafield ind2=" " ind1=" " tag="720">
      <subfield code="a">Martín Rodríguez, José Francisco</subfield>
      <subfield code="e">author</subfield>
   </datafield>
   <datafield ind2=" " ind1=" " tag="720">
      <subfield code="a">Mudarra-Martínez, Matías</subfield>
      <subfield code="e">author</subfield>
   </datafield>
   <datafield ind2=" " ind1=" " tag="720">
      <subfield code="a">Andreo-Navarro, Bartolomé</subfield>
      <subfield code="e">author</subfield>
   </datafield>
   <datafield ind2=" " ind1=" " tag="260">
      <subfield code="c">2026-03</subfield>
   </datafield>
   <datafield ind2=" " ind1=" " tag="520">
      <subfield code="a">El valle del Bajo Guadalhorce (provincia de Málaga) es una depresión neógeno-cuaternaria que presenta varias formaciones de relevancia hidrogeológica, donde destacan los materiales detríticos depositados por el río Guadalhorce (acuífero aluvial cuaternario). Las sequías recurrentes han puesto de manifiesto la necesidad de buscar fuentes alternativas de agua, lo que ha motivado la rehabilitación de varios pozos situados en el Bajo Guadalhorce para integrarlos en el sistema de abastecimiento del municipio de Málaga. El uso del acuífero del Bajo Guadalhorce como reserva estratégica hace necesario el control de la calidad del agua, con especial énfasis en la conductividad eléctrica (CE) por su condición de acuífero costero. Por ello, el objetivo principal de este trabajo es comparar el comportamiento hidrogeológico del acuífero en distintas condiciones hidrodinámicas. Se han calculado la desviación acumulada de la precipitación respecto a la media y el Índice Estandarizado de Precipitación y Evapotranspiración (SPEI) para identificar los periodos de sequía, entre los que destaca el de 2021 – 2024. Además, se han medido los niveles piezométricos y la CE, y se han realizado registros verticales de CE y temperatura en situación de aguas bajas (diciembre de 2023) y altas-intermedias (mayo de 2025). De la piezometría se deduce un flujo subterráneo general hacia el mar en ambas situaciones e isopiezas negativas en la zona de la desembocadura durante condiciones de aguas bajas. Los valores de CE aumentan hacia la costa y son especialmente altos en las aguas subterráneas del Paraje Natural de la Desembocadura del Guadalhorce. A excepción de este sector, las aguas subterráneas del acuífero presentan una CE adecuada para el abastecimiento en ambos periodos considerados. Esta información es fundamental para el diseño de una estrategia de explotación del acuífero que garantice el abastecimiento en condiciones de sequía.</subfield>
   </datafield>
   <datafield ind1="8" ind2=" " tag="024">
      <subfield code="a">https://hdl.handle.net/10630/46714</subfield>
   </datafield>
   <datafield tag="653" ind2=" " ind1=" ">
      <subfield code="a">Acuíferos</subfield>
   </datafield>
   <datafield tag="653" ind2=" " ind1=" ">
      <subfield code="a">Hidrogeología</subfield>
   </datafield>
   <datafield tag="653" ind2=" " ind1=" ">
      <subfield code="a">Sequía - Mediterráneo (Región)</subfield>
   </datafield>
   <datafield ind2="0" ind1="0" tag="245">
      <subfield code="a">Actualización del conocimiento sobre los estados cualitativo y cuantitativo del acuífero detrítico costero del Bajo Guadalhorce (Provincia de Málaga).</subfield>
   </datafield>
</record>
</metadata></record></GetRecord></OAI-PMH>